000 01018na a2200301 4500
001 18849
003 MIRAKIL
005 20181213155049.0
008 161205b tu 000 0
020 _a9758898256
020 _a9758898191 (tkm. no.)
040 _aMilas
_btur
_cTR-AnCHP
041 _atur
082 _a363.7289
_bT96 2007
090 _a363.7289 T96 2007
245 _aTürkiye'de Çernobil sonrası radyasyon ve radyoaktivite ölçümleri.
_cTürkiye Atom Enerjisi Kurumu (TAEK)
246 _a20. yılında Çernobil
250 _a2. bs.
260 _aAnkara
_bTürkiye Atom Enerjisi Kurumu (TAEK)
_c2007
300 _a107 s.
_bhrt.,grf. , tbl.
_c24 sm.
490 _aTürkiye Atom Enerjisi Kurumu (TAEK) Çernobil serisi
_v6
500 _aEser adı başında: 20.Yılında Çernobil
504 _aKaynakça var.
650 _aÇernobil Nükleer Kazası
_zEtkileri
651 _aTürkiye
_xRadyoaktivite ölçümleri
710 _aTürkiye Atom Enerjisi Kurumu (TAEK)
942 _2dcc
_cBKS
999 _c5849
_d5849